Visualizzazione normale
Vista MARC
- Mazzola A., Granata V., Roscio A., Simoni A., Traverso L., Minozzi G.,
di Personal Name
Records bibliografici associati: 1
001 - CONTROL NUMBER
- control field: 61622
003 - CONTROL NUMBER IDENTIFIER
- control field:
005 - DATE AND TIME OF LATEST TRANSACTION
- control field: 20250219142012.0
008 - FIXED-LENGTH DATA ELEMENTS
- fixed length control field: 250219|| aca||aabn | a|a d
040 ## - CATALOGING SOURCE
- Original cataloging agency:
- Transcribing agency:
100 ## - HEADING--PERSONAL NAME
- Personal name: Mazzola A., Granata V., Roscio A., Simoni A., Traverso L., Minozzi G.,
- Personal name: Mascheroni M., Di Pierdomenico L., Corsi L., Cescon M.A., Cassaro S.,
- Personal name: Morretta M., Tommasi R
670 ## - SOURCE DATA FOUND
- Source citation: Work cat.: ()207595: C.O.A.M. Comune di Milano, Progetto città sane, settore sanità 61620, Aids a Milano: problemi sociali e risposte., 1994